Prestaciones y servicios para personas con minusvalía en los países de la CE : Informe final del Seminario del Grupo RI/CEC, celebrado en Madrid los días 17 y 18 de noviembre de 1988 Informe final del Seminario del Grupo RI/CEC, celebrado en Madrid los días 17 y 18 de noviembre de 1988

Descripción Física: 372 p. ; 20'5 cm

MARC

LEADER 00000nam a2200000Ia 4500
001 11757
003 BGR
005 20260324175331.0
008 160829s1989 xx 000 0 cat d
080 |a S-1-130 
245 |a Prestaciones y servicios para personas con minusvalía en los países de la CE :  |b  Informe final del Seminario del Grupo RI/CEC, celebrado en Madrid los días 17 y 18 de noviembre de 1988 
260 |a Madrid :  |b Ministerio de Asuntos Sociales, Instituto Nacional de Servicios Sociales. INSERSO,  |c 1989 
300 |a 372 p. ;  |c 20'5 cm 
490 |a Colección Rehabilitación ; 33 
650 |a Disminuïts  |x Assistència social  |x Europa  |9 27605 
710 |a Instituto Nacional de Servicios Sociales (INSERSO) (Espanya)  |9 59170 
710 1 |a Espanya  |9 69580  |b Ministerio de Asuntos Sociales  
901 |a Arxiu 
942 |n 1  |2 udc  |c MON 
952 |0 0  |1 0  |4 0  |6 S1130  |7 1  |9 44467  |a Arxiu  |b Arxiu  |d 2016-12-01  |l 0  |o S-1-130  |p 11757  |r 2016-12-01 00:00:00  |w 2016-12-01  |y ARXIU 
999 |c 47048  |d 47048